Štíhla výroba a logistika - stále aktuálna výzva na zvyšovanie efektívnosti podnikových procesov
Zoštíhľovanie ako trend a spôsob zdokonaľovania podnikových procesov. Štíhla výroba – inovatívny systém na zdokonaľovanie klasickej výroby. Štíhla logistika – synergický partner štíhlej výroby.
Saved in:
| Main Author: | |
|---|---|
| Format: | Book Chapter |
| Language: | Slovak |
| Subjects: | |
| Tags: |
No Tags, Be the first to tag this record!
|
MARC
| LEADER | 00000nla a2200000 4500 | ||
|---|---|---|---|
| 001 | 0239663 | ||
| 005 | 20240502073902.5 | ||
| 041 | 0 | |a slo | |
| 044 | |a SK | ||
| 245 | 1 | 0 | |a Štíhla výroba a logistika - stále aktuálna výzva na zvyšovanie efektívnosti podnikových procesov |c Andrej Dupaľ |
| 520 | |a Zoštíhľovanie ako trend a spôsob zdokonaľovania podnikových procesov. Štíhla výroba – inovatívny systém na zdokonaľovanie klasickej výroby. Štíhla logistika – synergický partner štíhlej výroby. | ||
| 610 | 2 | 0 | |a výroba |
| 610 | 2 | 0 | |a logistika |
| 610 | 2 | 0 | |a procesy podnikové |
| 610 | 2 | 0 | |a efektívnosť práce |
| 100 | 1 | |a Dupaľ, Andrej | |